书目信息 |
| 题名: |
电气控制
|
|
| 作者: | 杨超 , 何军全 , 岑曦 主编 | |
| 分册: | ||
| 出版信息: | 天津 天津科学技术出版社 2021.4 |
|
| 页数: | 194页 | |
| 开本: | 26cm | |
| 丛书名: | ||
| 单 册: | ||
| 中图分类: | TM571.2 | |
| 科图分类: | ||
| 主题词: | 电气控制 | |
| 电子资源: | ||
| ISBN: | 978-7-5576-8808-0 | |
| 000 | 00902nam0 2200253 45 | |
| 001 | 012001002223 | |
| 005 | 20140913144313.0 | |
| 010 | @a978-7-5576-8808-0@dCNY65.00 | |
| 100 | @a20210519d2021 em y0chiy50 ea | |
| 101 | 0 | @achi |
| 102 | @aCN@b120000 | |
| 105 | @aa z 000yy | |
| 106 | @ar | |
| 200 | 1 | @a电气控制@Adian qi kong zhi@b专著@f杨超,何军全,岑曦主编 |
| 210 | @a天津@c天津科学技术出版社@d2021.4 | |
| 215 | @a194页@c图@d26cm | |
| 330 | @a本书共6个项目,主要内容包括常用低压电器、继电器一接触器控制电路基本环节、常用机床的电气控制、PLC基础、三菱FX2N系列PLC编程、三菱FX2N系列PLC控制系统应用实例。每个项目以任务的形式展开,任务内容涵盖大部分工程中的实际应用。 | |
| 606 | 0 | @a电气控制 |
| 690 | @aTM571.2@v5 | |
| 701 | 0 | @a杨超@Ayang chao@4主编 |
| 701 | 0 | @a何军全@Ahe jun quan@4主编 |
| 701 | 0 | @a岑曦@Acen xi@4主编 |
| 801 | 0 | @aCN@bBJSDL@c20211011 |
| 905 | @b1338905-8@dTM571.2@e60@f4 | |
| 电气控制/杨超,何军全,岑曦主编.-天津:天津科学技术出版社,2021.4 |
| 194页:图;26cm |
| ISBN 978-7-5576-8808-0:CNY65.00 |
| 本书共6个项目,主要内容包括常用低压电器、继电器一接触器控制电路基本环节、常用机床的电气控制、PLC基础、三菱FX2N系列PLC编程、三菱FX2N系列PLC控制系统应用实例。每个项目以任务的形式展开,任务内容涵盖大部分工程中的实际应用。 |
| ● |
| 相关链接 |
|
|
|
|
正题名:电气控制
索取号:TM571.2/60
 
预约/预借
| 序号 | 登录号 | 条形码 | 馆藏地/架位号 | 状态 | 备注 |
| 1 | 1338905 | 213389055 | 第二样本阅览室/ [索取号:TM571.2/60] | 在馆 | |
| 2 | 1338906 | 213389064 | 第三借阅区/ [索取号:TM571.2/60] | 在馆 | |
| 3 | 1338907 | 213389073 | 第三借阅区/ [索取号:TM571.2/60] | 在馆 | |
| 4 | 1338908 | 213389082 | 第三借阅区/ [索取号:TM571.2/60] | 在馆 |